[Event "GCT 2024 - Superbet Chess Classic - Tie Break"]
[Site "Bucarest"]
[Date "05.07.2024"]
[Round "TB1"]
[White "Firouzja, Alireza"]
[Black "Praggnanandhaa, Rameshbabu"]
[Result "1-0"]
[WhiteElo "2744"]
[BlackElo "2757"]
[EventDate "2024.06.25"]

1. e4 e5 2. Nf3 Nc6 3. Bc4 Bc5 4. d3 Nf6 5. Bg5 d6 6. c3 a6 7. Nbd2 h6 8.
Bh4 Ba7 9. O-O g5 10. Bg3 Nd7 11. b4 Nf8 12. Qb3 Qe7 13. b5 Na5 14. Qb4
axb5 15. Bxb5+ c6 16. d4 Bb8 17. Be2 Ng6 18. Nb3 Bc7 19. h3 h5 20. dxe5
dxe5 21. Qxe7+ Kxe7 22. Nxg5 h4 23. Bh2 f6 24. Nf3 Be6 25. Nc5 Bf7 26. Nd4
Rhd8 27. Nf5+ Ke8 28. Bh5 Bb6 29. Ne6 Bxe6 30. Bxg6+ Bf7 31. Bxf7+ Kxf7 32.
Kh1 Nc4 33. f4 Nd2 34. Rfe1 Ra4 35. fxe5 fxe5 36. Bxe5 Nxe4 37. Bd4 Bxd4
38. cxd4 Ng3+ 39. Nxg3 hxg3 40. Re3 Rdxd4 41. Rxg3 Rd2 42. a3 b5 43. Re1
Rc4 44. Rf3+ Kg6 45. Re6+ Kg7 46. Re7+ Kg6 47. Re8 Kg7 48. Re5 Kg6 49. Kh2
Ra2 50. Re6+ Kg7 51. Ree3 c5 52. Rf1 Rd4 53. Rg3+ Kh6 54. Rf6+ Kh7 55. Rf5
Kh6 56. Rxc5 b4 57. Rc6+ Kh7 58. axb4 Rxb4 59. Rcg6 Rb5 60. R6g5 Rxg5 61.
Rxg5 Kh6 62. h4 Ra1 63. Rb5 Rc1 64. Kh3 Rg1 65. Rb6+ Kg7 66. g3 Ra1 67. h5
Rh1+ 68. Kg4 Ra1 69. Kh4 Ra3 70. g4 Ra5 71. Rg6+ Kh7 72. Rf6 Kg7 73. Rf5
Ra7 74. Kg5 Rb7 75. h6+ Kh7 76. Kh5 Rb1 77. Rf7+ Kg8 78. Ra7 Rb8 79. g5 Kh8
80. Rc7 Ra8 81. g6 Ra5+ 82. Kg4 Ra4+ 83. Kf5 Ra5+ 84. Ke4 Ra4+ 85. Kd5 Ra8
86. Kc5 Rd8 87. Kc6 Rb8 88. Kd7 Rg8 89. Rc8 1-0

[Event "GCT 2024 - Superbet Chess Classic - Tie Break"]
[Site "Bucarest"]
[Date "05.07.2024"]
[Round "TB2"]
[White "Caruana, Fabiano"]
[Black "Firouzja, Alireza"]
[Result "1-0"]
[WhiteElo "2796"]
[BlackElo "2744"]
[EventDate "2024.06.25"]

1. c4 e5 2. d3 Bb4+ 3. Nd2 c5 4. Ngf3 Nc6 5. g3 d6 6. Bg2 Nge7 7. O-O Ba5
8. b3 O-O 9. Bb2 h6 10. e3 Be6 11. d4 exd4 12. exd4 cxd4 13. Nxd4 Nxd4 14.
Bxd4 d5 15. cxd5 Bxd5 16. Ne4 Nc6 17. Bf6 gxf6 18. Qxd5 Qe7 19. Rac1 Rad8
20. Qf5 Kg7 21. Rxc6 bxc6 22. Qxa5 Rd5 23. Qc3 Rfd8 24. g4 Qe5 25. Qxe5
fxe5 26. Bf3 Ra5 27. Rc1 Rxa2 28. Rxc6 Rb2 29. Kg2 Rxb3 30. Ng3 Rb6 31. Rc7
a6 32. Nf5+ Kf8 33. Ra7 Rf6 34. Be4 Rg6 35. Kf3 Rb6 36. h4 Ke8 37. h5 Rd7
38. Ra8+ Rd8 39. Rxd8+ Kxd8 40. g5 Kd7 41. Nxh6 Ke6 42. Bf5+ Ke7 43. Ng4 a5
44. h6 a4 45. h7 Rb8 46. Nf6 Rh8 47. Bb1 a3 48. Ke4 Kf8 49. Kxe5 Kg7 50.
Nh5+ Kf8 51. Nf6 Kg7 52. Ba2 Rb8 53. f4 Rc8 54. Kd4 Rc2 55. Bxf7 a2 56.
Bxa2 Rxa2 57. Ke4 Ra4+ 58. Kf5 Ra5+ 59. Kg4 Ra6 60. Kh5 Rc6 61. f5 Ra6 62.
Kg4 Rc6 63. Kf4 Ra6 64. Ke5 Ra5+ 65. Ke6 Ra6+ 66. Ke7 Ra7+ 67. Ke6 Ra6+ 68.
Ke5 Ra5+ 69. Kf4 Ra4+ 70. Kg3 Ra6 71. Kg4 Rc6 72. Kh5 Ra6 73. Nd7 Kxh7 74.
f6 Ra5 75. f7 Rf5 76. f8=Q Rxg5+ 77. Kh4 Rh5+ 78. Kg4 1-0

[Event "GCT 2024 - Superbet Chess Classic - Tie Break"]
[Site "Bucarest"]
[Date "05.07.2024"]
[Round "TB3"]
[White "Praggnanandhaa, Rameshbabu"]
[Black "Caruana, Fabiano"]
[Result "0-1"]
[WhiteElo "2757"]
[BlackElo "2796"]
[EventDate "2024.06.25"]

1. d4 Nf6 2. Bg5 d5 3. Nd2 e6 4. e3 c5 5. c3 Nbd7 6. f4 Be7 7. Bd3 b6 8.
Ngf3 Bb7 9. Bxf6 gxf6 10. O-O f5 11. Bb5 Bf6 12. Ne5 Bxe5 13. fxe5 a6 14.
Bxd7+ Qxd7 15. Nf3 a5 16. Ng5 h5 17. Nh3 h4 18. Nf4 O-O-O 19. Rb1 Kb8 20.
Rf2 Rc8 21. Nh5 Ba6 22. Rd2 Ka7 23. Qf3 Qa4 24. Ra1 Qc6 25. Nf6 a4 26. a3
Bc4 27. Qf4 Qc7 28. h3 Qe7 29. Kh2 Qf8 30. Rg1 Rh6 31. g4 hxg3+ 32. Rxg3
Qh8 33. Qg5 Bf1 34. Kg1 Rg6 35. Qf4 Rxg3+ 36. Qxg3 Qxh3 37. Qxh3 Bxh3 38.
Rh2 Bg4 39. Rh7 Ka6 40. Rxf7 Kb5 41. Re7 cxd4 42. exd4 Rc6 43. Rh7 Kc4 44.
Rh2 Kb3 45. Rg2 Bd1 46. Ne8 Bc2 47. Ng7 Kxb2 48. c4 Rxc4 49. Nxe6 Kxa3 50.
Ng7 Kb3 51. e6 Rc7 52. Re2 Rxg7+ 0-1